Statistiques concernant Personnages de Matrix par Emojis

Cliquez ici pour prendre le quiz!

Statistiques générales

  • Ce quiz a été pris 98 fois
  • Le résultat moyen est 6 sur 10

Statistiques - réponses

EmojisPersonnages% Correct
Neo
99%
Morpheus
82%
Trinity
81%
Oracle
71%
Smith
65%
Mérovingien
44%
Architecte
40%
Maître des clefs
31%
Niobe
27%
Perséphone
18%

Distribution des résultats

Percentile par nombre de réponses

% des personnes avec chaque résultat

Votre développement - résultats

Vous n’avez pas pris ce quiz